Statystyki dla Quiz o raperach

Kliknij tutaj aby rozwiązać quiz!

Ogólne statystyki

  • Ten quiz został rozwiązany 54 razy
  • Średni wynik to 8 z 15

Statystyki odpowiedzi

HintOdpowiedź% Poprawnych
imprezasobel
96%
jolkachillwagon
88%
lady pankkubańczyk
82%
rakietajacuś
80%
wikingsarius
76%
taka damaqbik
61%
outsidekartky
59%
albinoskabe
53%
perfektwac toja
45%
hollywood$planbe
39%
flarypro8l3m
37%
odpierdala miopał
22%
bdf representfloral bugs
20%
melodiovixen
12%
golfarab
4%

Rozkład punktacji

Percentyl według liczby udzielonych odpowiedzi

Procent ludzi z każdym wynikiem

Twoja historia wyników

Nie rozwiązałeś tego quizu